00653nam a2200133Ia 4500008004100000020002200041041001200063100008200075245005100157260003200208440003800240650002100278650022000299231221s9999 xx 000 0 und d a978-3-642-02161-9 aEnglish aBetty H. C. Cheng, Rogério Lemos, Holger Giese, Paola Inverardi, Jeff Magee 0aSoftware Engineering for Self-Adaptive Systems c2009bSpringer USaNew York aLecture Notes in Computer Science aComputer Science aSoftware Engineering; Software Engineering/Programming and Operating Systems; Programming Techniques; Programming Languages, Compilers, Interpreters; Simulation and Modeling; Artificial Intelligence (incl. Robotics)